<?xml version="1.0" encoding="UTF-8"?>
<record
    xmlns:xsi="http://www.w3.org/2001/XMLSchema-instance"
    xsi:schemaLocation="http://www.loc.gov/MARC21/slim http://www.loc.gov/standards/marcxml/schema/MARC21slim.xsd"
    xmlns="http://www.loc.gov/MARC21/slim">

  <leader>01327nam a2200241Ia 4500</leader>
  <controlfield tag="001">IA_6625,23/10/2017,23/10/2017,5232272017                          mx nmel8223123322spa16,"</controlfield>
  <controlfield tag="002">Jalisco / Aleyda Ram&#xED;rez D&#xED;az ; direcci&#xF3;n Diana Am&#xE9;rica Reyna Izaguirre ; asesor&#xED;a Francisco Razo L&#xF3;pez y V&#xED;ctor Darwin Bola&#xF1;os Hern&#xE1;ndez</controlfield>
  <controlfield tag="008">220117so /     xx            000 0 und d</controlfield>
  <datafield tag="010" ind1=" " ind2=" ">
    <subfield code="a">187454</subfield>
  </datafield>
  <datafield tag="090" ind1=" " ind2=" ">
    <subfield code="a">Tesis R36 2017</subfield>
  </datafield>
  <datafield tag="100" ind1=" " ind2=" ">
    <subfield code="a">Ram&#xED;rez D&#xED;az</subfield>
    <subfield code="9">159715</subfield>
  </datafield>
  <datafield tag="260" ind1=" " ind2=" ">
    <subfield code="a">M&#xE9;xico  :</subfield>
    <subfield code="b">El autor,</subfield>
    <subfield code="c">o / </subfield>
  </datafield>
  <datafield tag="300" ind1=" " ind2=" ">
    <subfield code="a">iv</subfield>
  </datafield>
  <datafield tag="500" ind1=" " ind2=" ">
    <subfield code="a">El CD contiene reporte</subfield>
  </datafield>
  <datafield tag="502" ind1=" " ind2=" ">
    <subfield code="a">Tesis (Ing. Agr. Esp. en Ingenier&#xED;a Agroindustrial) -- UACh. Departamento de Ingenier&#xED;a Agroindustrial</subfield>
  </datafield>
  <datafield tag="504" ind1=" " ind2=" ">
    <subfield code="a">Bibliograf&#xED;a: h. 91-94</subfield>
  </datafield>
  <datafield tag="505" ind1=" " ind2=" ">
    <subfield code="a">3 planos \ 1. Plano de distribuci&#xF3;n de &#xE1;rea y diagrama de proceso \ 2. Diagrama de proceso \ 3. Plano fachado principal y corte longitudinal</subfield>
  </datafield>
  <datafield tag="520" ind1=" " ind2=" ">
    <subfield code="a">El pa&#xED;s a traviesa una situaci&#xF3;n econ&#xF3;mica critica por la que resulta prioritario buscar fuentes alternar para mejorar la econom&#xED;a o bien la generaci&#xF3;n de empleos que garanticen ingresos econ&#xF3;micos a las familias mexicanas d&#xE1;ndole prioridad aquellas en estado de vulnerabilidad</subfield>
  </datafield>
  <datafield tag="901" ind1=" " ind2=" ">
    <subfield code="a">para que puedan tener una mejor calidad de vida.</subfield>
  </datafield>
  <datafield tag="904" ind1=" " ind2=" ">
    <subfield code="a">o / </subfield>
  </datafield>
  <datafield tag="942" ind1=" " ind2=" ">
    <subfield code="c">2017</subfield>
  </datafield>
  <datafield tag="999" ind1=" " ind2=" ">
    <subfield code="c">187454</subfield>
    <subfield code="d">187454</subfield>
  </datafield>
</record>
